书目信息 |
| 题名: |
材料力学考研辅导
|
|
| 作者: | 海欣 主编 ;温正 , 唐家鹏 编著 | |
| 分册: | ||
| 出版信息: | 北京 电子工业出版社 2008 |
|
| 页数: | 306页 | |
| 开本: | 26cm | |
| 丛书名: | ||
| 单 册: | ||
| 中图分类: | TB301-42 | |
| 科图分类: | ||
| 主题词: | 材料力学--cai liao li xue--研究生教育--入学考试--学习参考资料 | |
| 电子资源: | ||
| ISBN: | 978-7-121-05175-3 | |
| 000 | 00936nam0 2200265 450 | |
| 001 | 0100000710 | |
| 005 | 20080612160020.00 | |
| 010 | @a978-7-121-05175-3@dCNY32.00 | |
| 100 | @a20080530d2008 em y0chiy0121 ea | |
| 101 | 0 | @achi |
| 102 | @aCN@b110000 | |
| 105 | @aa a 000yy | |
| 200 | 1 | @a材料力学考研辅导@Acai liao li xue kao yan fu dao@f海欣主编@g温正, 唐家鹏编著 |
| 210 | @a北京@c电子工业出版社@d2008 | |
| 215 | @a306页@c图@d26cm | |
| 306 | @a本书实际出版日期为2007年 | |
| 320 | @a有书目 (第306页) | |
| 330 | @a本书内容包括:绪论、轴向拉压与剪切、扭转、弯曲内力、弯曲应力、弯曲变形、应力和应变分析、组合变形、能量方法等等。 | |
| 606 | 0 | @a材料力学@Acai liao li xue@x研究生教育@x入学考试@j学习参考资料 |
| 690 | @aTB301-42@v4 | |
| 701 | 0 | @a海欣@Ahai xin@4主编 |
| 702 | 0 | @a温正@Awen zheng@4编著 |
| 702 | 0 | @a唐家鹏@Atang jia peng@4编著 |
| 801 | 0 | @aCN@c20080612 |
| 905 | @b20801712-16@dTB301-42@eH050@fTB301-42/H050 | |
| 材料力学考研辅导/海欣主编/温正, 唐家鹏编著.-北京:电子工业出版社,2008 |
| 306页:图;26cm |
| ISBN 978-7-121-05175-3:CNY32.00 |
| 本书内容包括:绪论、轴向拉压与剪切、扭转、弯曲内力、弯曲应力、弯曲变形、应力和应变分析、组合变形、能量方法等等。 |
| ● |
| 相关链接 |
|
|
|
正题名:材料力学考研辅导
索取号:TB301-42/H050
 
预约/预借
| 序号 | 登录号 | 条形码 | 馆藏地/架位号 | 状态 | 备注 |
| 1 | 800681 | 208006815 | 自科二线504/504自科库 24排1列6层/ [索取号:TB301-42/H050] | 在馆 | |
| 2 | 800682 | 208006824 | 期刊室512/501自科库 11排4列2层/ [索取号:TB301-42/H050] | 在馆 | |
| 3 | 800683 | 208006833 | 自科库501/501自科库 11排4列2层/ [索取号:TB301-42/H050] | 在馆 | |
| 4 | 800684 | 208006842 | 自科二线504/504自科库 24排1列6层/ [索取号:TB301-42/H050] | 在馆 | |
| 5 | 801599 | 208015994 | 自科库501/501自科库 11排4列2层/ [索取号:TB301-42/H050] | 在馆 |